QCM sur le Royaume-Uni - Statistiques

Statistiques générales
  • Ce quiz a été pris 150 fois
  • Le résultat moyen est 9 sur 12
Statistiques - réponses
Question Réponse % Correct
Quelle Première Ministre était surnommée la Dame de fer ? Margaret Thatcher
94%
Dans quel pays se trouve le Loch Ness ? Écosse
90%
Quel est la capitale de l’Irlande du Nord ? Belfast
87%
Quel terme est utilisé pour qualifier la sortie de l’Union Européenne du pays ? Brexit
84%
Lequel de ces héros est un espion britannique ayant le matricule 007 ? James Bond
84%
Quel groupe de Liverpool est surnommé The Fab Four ? The Beatles
81%
Au golf, avec quoi tire-t-on dans la balle ? Un club
81%
Quel prince s’est séparé de la famille royale en 2020 ? Harry
68%
Quelle reine a régné plus de 63 ans sur le pays et son empire durant le XIXème siècle ? Victoria
68%
Lequel de ces pays possède une frontière terrestre avec le Royaume-Uni ? Irlande
65%
Quel club de football a est le plus titré de l’histoire du championnat anglais ? Manchester United
48%
Après Londres, quelle est la deuxième plus grande ville du pays (en terme de population) ? Birmingham
45%
Aucun quiz correspondant
Distribution des résultats
% des personnes avec chaque résultat
Percentile par nombre de réponses
Votre historique - résultats
Vous n’avez pas pris ce quiz